000 00859nam a2200265Ia 4500
003 OSt
005 20221005060050.0
006 a|||||r|||| 00| 0
007 ta
008 221004b |||||||| |||| 00| 0 eng d
020 _a9780745333878 (pbk)
_c1221.97
024 _a22332
037 _bG-5111/14-15, 13/03/2015, Manohar Publisher & Distributors
_cTextual
040 _aCRL
_cCRL
_beng
041 _2eng
_aeng
082 _aWxN28, Q3
100 _aChomsky Noam
245 0 _aOn western terrorism
_b From hiroshima to drone warfare
260 _aLondon
_bPluto Press UK
_c2013
300 _axv, 192p.
_ccm.
650 _aPOLITICAL SCIENCE
700 _a Vltchek Andre
_9599328
942 _hWxN28, Q3
_cTEXL
_2cc
999 _c966126
_d966126